[Event "ODJM C 2023"]
[Site "Willingen GER"]
[Date "2023.05.31"]
[Round "6"]
[White "Haunhorst, Elisa"]
[Black "Hendler, Maximilian"]
[Result "1-0"]
[Termination "normal"]
[Board "27"]
[WhiteElo "1119"]
[BlackElo "971"]
[WhiteClock "01:05:55"]
[BlackClock "01:05:48"]
[PlyCount "23"]
[WhiteFideId "34640959"]
[BlackFideId "34616500"]
[EventCountry "GER"]
[EventRounds "9"]
[EventType "swiss"]
[EventDate "2023.05.27"]

1. d4 {[%clk 01:30:58]} {[%emt 00:00:01]} Nf6 {[%clk 01:30:54]} {[%emt
00:00:06]} 2. Nc3 {[%clk 01:31:22]} {[%emt 00:00:06]} g6 {[%clk 01:30:59]}
{[%emt 00:00:24]} 3. Bf4 {[%clk 01:31:31]} {[%emt 00:00:22]} Bg7 {[%clk
01:30:29]} {[%emt 00:01:00]} 4. Nf3 {[%clk 01:30:44]} {[%emt 00:01:16]} d5
{[%clk 01:29:33]} {[%emt 00:01:27]} 5. e3 {[%clk 01:30:14]} {[%emt 00:01:00]}
O-O {[%clk 01:27:55]} {[%emt 00:02:07]} 6. Be5 {[%clk 01:27:40]} {[%emt
00:03:05]} Nc6 {[%clk 01:26:09]} {[%emt 00:02:16]} 7. h3 {[%clk 01:26:08]}
{[%emt 00:02:03]} Nxe5 {[%clk 01:24:54]} {[%emt 00:01:45]} 8. Nxe5 {[%clk
01:25:16]} {[%emt 00:01:22]} c6 {[%clk 01:19:09]} {[%emt 00:06:16]} 9. g4
{[%clk 01:20:13]} {[%emt 00:05:33]} Qa5 {[%clk 01:14:40]} {[%emt 00:04:59]} 10.
Bg2 {[%clk 01:14:14]} {[%emt 00:06:28]} Rd8 {[%clk 01:07:50]} {[%emt 00:07:20]}
11. Qd2 {[%clk 01:06:36]} {[%emt 00:08:08]} b5 {[%clk 01:05:48]} {[%emt
00:02:33]} 12. Nxc6 {[%clk 01:05:55]} {[%emt 00:01:12]} 1-0

[Event "ODJM C 2023"]
[Site "Willingen GER"]
[Date "2023.05.31"]
[Round "6"]
[White "Aslanov, Kamran"]
[Black "Riebienkov, Mark"]
[Result "1/2-1/2"]
[Termination "normal"]
[Board "28"]
[WhiteElo "905"]
[BlackElo "1116"]
[WhiteClock "00:52:30"]
[BlackClock "01:23:40"]
[PlyCount "41"]
[WhiteFideId "34660402"]
[BlackFideId "34648500"]
[EventCountry "GER"]
[EventRounds "9"]
[EventType "swiss"]
[EventDate "2023.05.27"]

1. e4 {[%clk 01:30:57]} {[%emt 00:00:02]} e5 {[%clk 01:30:50]} {[%emt
00:00:11]} 2. Nf3 {[%clk 01:31:18]} {[%emt 00:00:09]} d5 {[%clk 01:30:36]}
{[%emt 00:00:44]} 3. exd5 {[%clk 01:21:53]} {[%emt 00:09:54]} e4 {[%clk
01:30:15]} {[%emt 00:00:52]} 4. Qe2 {[%clk 01:16:13]} {[%emt 00:06:10]} Qxd5
{[%clk 01:29:10]} {[%emt 00:01:35]} 5. Nc3 {[%clk 01:15:41]} {[%emt 00:01:02]}
Nf6 {[%clk 01:26:44]} {[%emt 00:02:56]} 6. Nxd5 {[%clk 01:15:55]} {[%emt
00:00:16]} Nxd5 {[%clk 01:25:07]} {[%emt 00:02:08]} 7. Qxe4+ {[%clk 01:16:04]}
{[%emt 00:00:20]} Be6 {[%clk 01:25:32]} {[%emt 00:00:05]} 8. Nd4 {[%clk
01:13:55]} {[%emt 00:02:39]} Bd6 {[%clk 01:25:14]} {[%emt 00:00:48]} 9. Nxe6
{[%clk 01:13:46]} {[%emt 00:00:37]} fxe6 {[%clk 01:25:39]} {[%emt 00:00:07]}
10. Qxe6+ {[%clk 01:13:24]} {[%emt 00:00:51]} Ne7 {[%clk 01:25:51]} {[%emt
00:00:19]} 11. Qe4 {[%clk 01:11:58]} {[%emt 00:01:55]} Nbc6 {[%clk 01:26:12]}
{[%emt 00:00:10]} 12. Bb5 {[%clk 01:12:15]} {[%emt 00:00:13]} O-O {[%clk
01:26:26]} {[%emt 00:00:15]} 13. Bxc6 {[%clk 01:11:01]} {[%emt 00:01:45]} Nxc6
{[%clk 01:26:54]} {[%emt 00:00:02]} 14. O-O {[%clk 01:09:03]} {[%emt 00:02:27]}
Rae8 {[%clk 01:27:04]} {[%emt 00:00:22]} 15. Qg4 {[%clk 01:06:46]} {[%emt
00:02:45]} Ne5 {[%clk 01:27:13]} {[%emt 00:00:21]} 16. Qh3 {[%clk 01:01:26]}
{[%emt 00:05:51]} Rf6 {[%clk 01:26:57]} {[%emt 00:00:46]} 17. Re1 {[%clk
00:56:24]} {[%emt 00:05:32]} Nf3+ {[%clk 01:25:01]} {[%emt 00:02:27]} 18. gxf3
{[%clk 00:52:30]} {[%emt 00:04:23]} Rxe1+ {[%clk 01:25:09]} {[%emt 00:00:23]}
19. Kg2 {[%clk 00:52:24]} {[%emt 00:00:36]} Rg6+ {[%clk 01:24:05]} {[%emt
00:01:33]} 20. Qg4 {[%clk 00:52:13]} {[%emt 00:00:41]} Rxg4+ {[%clk 01:23:40]}
{[%emt 00:00:56]} 21. fxg4 {[%clk 00:52:30]} {[%emt 00:00:13]} 1/2-1/2

[Event "ODJM C 2023"]
[Site "Willingen GER"]
[Date "2023.05.31"]
[Round "6"]
[White "Krömer, Antonius"]
[Black "Liu, Kairui"]
[Result "1-0"]
[Termination "normal"]
[Board "29"]
[WhiteElo "1353"]
[BlackElo "1024"]
[WhiteClock "00:20:06"]
[BlackClock "00:19:55"]
[PlyCount "133"]
[WhiteFideId "34660518"]
[BlackFideId "34660534"]
[EventCountry "GER"]
[EventRounds "9"]
[EventType "swiss"]
[EventDate "2023.05.27"]

1. d4 {[%clk 01:30:58]} d5 {[%clk 01:30:51]} {[%emt 00:00:09]} 2. Nf3 {[%clk
01:31:16]} {[%emt 00:00:13]} Nf6 {[%clk 01:31:09]} {[%emt 00:00:12]} 3. e3
{[%clk 01:31:24]} {[%emt 00:00:21]} c5 {[%clk 01:31:28]} {[%emt 00:00:12]} 4.
b3 {[%clk 01:30:58]} {[%emt 00:00:56]} Nc6 {[%clk 01:30:13]} {[%emt 00:01:45]}
5. Bd3 {[%clk 01:26:29]} {[%emt 00:04:59]} cxd4 {[%clk 01:26:14]} {[%emt
00:04:29]} 6. exd4 {[%clk 01:26:11]} {[%emt 00:00:47]} g6 {[%clk 01:21:36]}
{[%emt 00:05:07]} 7. Bb2 {[%clk 01:25:17]} {[%emt 00:01:25]} Bg7 {[%clk
01:19:54]} {[%emt 00:02:12]} 8. Nbd2 {[%clk 01:23:00]} {[%emt 00:02:47]} O-O
{[%clk 01:19:18]} {[%emt 00:01:06]} 9. O-O {[%clk 01:23:18]} {[%emt 00:00:12]}
Qc7 {[%clk 01:18:29]} {[%emt 00:01:19]} 10. h3 {[%clk 01:23:21]} {[%emt
00:00:26]} b6 {[%clk 01:11:28]} {[%emt 00:07:33]} 11. Qe2 {[%clk 01:19:10]}
{[%emt 00:04:39]} Nb4 {[%clk 01:07:36]} {[%emt 00:04:22]} 12. c4 {[%clk
01:10:29]} {[%emt 00:09:11]} Ba6 {[%clk 01:05:12]} {[%emt 00:02:55]} 13. a3
{[%clk 01:09:35]} {[%emt 00:01:24]} Nxd3 {[%clk 01:04:42]} {[%emt 00:01:00]}
14. Qxd3 {[%clk 01:09:37]} {[%emt 00:00:28]} Rac8 {[%clk 01:02:00]} {[%emt
00:03:12]} 15. Rac1 {[%clk 01:08:58]} {[%emt 00:01:08]} Qd7 {[%clk 00:58:44]}
{[%emt 00:03:47]} 16. a4 {[%clk 01:06:28]} {[%emt 00:03:00]} dxc4 {[%clk
00:57:39]} {[%emt 00:01:35]} 17. Nxc4 {[%clk 00:51:54]} {[%emt 00:15:04]} Rfe8
{[%emt 00:07:31]} 18. Nfe5 {[%clk 00:49:05]} Qd5 {[%clk 00:52:02]} {[%emt
00:02:25]} 19. Rfe1 {[%clk 00:46:28]} {[%emt 00:03:06]} Bb7 {[%clk 00:50:45]}
{[%emt 00:01:47]} 20. Ne3 {[%clk 00:46:23]} {[%emt 00:00:34]} Qe4 {[%clk
00:49:46]} {[%emt 00:01:30]} 21. Qe2 {[%clk 00:39:16]} {[%emt 00:07:36]} Rxc1
{[%clk 00:49:25]} {[%emt 00:00:52]} 22. Rxc1 {[%clk 00:36:21]} {[%emt
00:03:25]} Bh6 {[%clk 00:48:46]} {[%emt 00:01:09]} 23. Re1 {[%clk 00:32:53]}
{[%emt 00:03:58]} Bxe3 {[%clk 00:48:55]} {[%emt 00:00:21]} 24. fxe3 {[%clk
00:32:57]} {[%emt 00:00:25]} Rc8 {[%clk 00:48:39]} {[%emt 00:00:46]} 25. Nd3
{[%clk 00:24:13]} {[%emt 00:09:14]} Rd8 {[%clk 00:42:15]} {[%emt 00:06:54]} 26.
Ba3 {[%clk 00:20:55]} {[%emt 00:03:49]} Rd5 {[%clk 00:41:16]} {[%emt 00:01:29]}
27. Ne5 {[%clk 00:18:59]} {[%emt 00:02:25]} Nd7 {[%clk 00:36:00]} {[%emt
00:05:46]} 28. Qf3 {[%clk 00:16:42]} {[%emt 00:02:46]} Qxf3 {[%clk 00:33:52]}
{[%emt 00:02:38]} 29. Nxf3 {[%clk 00:16:46]} {[%emt 00:00:26]} a5 {[%clk
00:33:23]} {[%emt 00:00:59]} 30. Rc1 {[%clk 00:16:48]} {[%emt 00:00:28]} e6
{[%clk 00:32:40]} {[%emt 00:01:13]} 31. Rc7 {[%clk 00:17:06]} {[%emt 00:00:12]}
Ba6 {[%clk 00:31:57]} {[%emt 00:01:13]} 32. e4 {[%clk 00:16:24]} {[%emt
00:01:12]} Rh5 {[%clk 00:29:36]} {[%emt 00:02:50]} 33. Rxd7 {[%clk 00:16:37]}
{[%emt 00:00:19]} f5 {[%clk 00:29:15]} {[%emt 00:00:50]} 34. exf5 {[%clk
00:16:09]} {[%emt 00:00:58]} Rxf5 {[%clk 00:28:45]} {[%emt 00:01:00]} 35. Rd6
{[%clk 00:16:09]} {[%emt 00:00:30]} Bb7 {[%clk 00:27:36]} {[%emt 00:01:40]} 36.
Rd8+ {[%clk 00:16:20]} {[%emt 00:00:18]} Kg7 {[%clk 00:27:36]} {[%emt
00:00:30]} 37. Rd7+ {[%clk 00:16:43]} {[%emt 00:00:06]} Rf7 {[%clk 00:27:57]}
{[%emt 00:00:08]} 38. Rxf7+ {[%clk 00:16:39]} {[%emt 00:00:36]} Kxf7 {[%clk
00:28:13]} {[%emt 00:00:14]} 39. Ng5+ {[%clk 00:17:03]} {[%emt 00:00:06]} Ke7
{[%clk 00:27:59]} {[%emt 00:00:44]} 40. Nxh7+ {[%clk 00:17:09]} {[%emt
00:00:24]} Kf7 {[%emt 00:00:31]} 41. Ng5+ {[%clk 00:00:00]} Kf6 {[%emt
00:01:16]} 42. Nh7+ {[%clk 00:19:25]} Kf5 {[%clk 00:28:13]} {[%emt 00:00:32]}
43. g4+ {[%clk 00:19:37]} {[%emt 00:00:20]} Kf4 {[%clk 00:27:18]} {[%emt
00:01:25]} 44. Kf2 {[%clk 00:20:26]} {[%emt 00:01:45]} Bd5 {[%clk 00:29:02]}
{[%emt 00:00:44]} 45. b4 {[%clk 00:20:35]} {[%emt 00:00:20]} axb4 {[%clk
00:28:47]} {[%emt 00:00:46]} 46. Bxb4 {[%clk 00:20:55]} {[%emt 00:00:09]} Ke4
{[%clk 00:27:42]} {[%emt 00:01:33]} 47. Bc3 {[%clk 00:20:10]} {[%emt 00:01:16]}
Bb3 {[%clk 00:27:18]} {[%emt 00:00:55]} 48. a5 {[%clk 00:18:32]} {[%emt
00:02:09]} bxa5 {[%clk 00:27:20]} {[%emt 00:00:28]} 49. Bxa5 {[%clk 00:18:52]}
{[%emt 00:00:10]} Kxd4 {[%clk 00:27:24]} {[%emt 00:00:26]} 50. Nf8 {[%clk
00:18:24]} {[%emt 00:00:56]} e5 {[%clk 00:26:39]} {[%emt 00:01:16]} 51. Bb6+
{[%clk 00:18:06]} {[%emt 00:00:46]} Kd3 {[%clk 00:26:42]} {[%emt 00:00:29]} 52.
Nxg6 {[%clk 00:18:27]} {[%emt 00:00:08]} e4 {[%clk 00:26:54]} {[%emt 00:00:19]}
53. Ne5+ {[%clk 00:18:34]} {[%emt 00:00:23]} Kd2 {[%clk 00:26:36]} {[%emt
00:00:48]} 54. g5 {[%clk 00:18:55]} {[%emt 00:00:09]} Be6 {[%clk 00:26:24]}
{[%emt 00:00:41]} 55. h4 {[%clk 00:19:10]} {[%emt 00:00:16]} Bf5 {[%clk
00:25:08]} {[%emt 00:01:45]} 56. h5 {[%clk 00:19:23]} {[%emt 00:00:17]} Kc3
{[%clk 00:24:48]} {[%emt 00:00:50]} 57. g6 {[%clk 00:19:43]} {[%emt 00:00:10]}
Kb4 {[%clk 00:24:44]} {[%emt 00:00:35]} 58. h6 {[%clk 00:20:06]} {[%emt
00:00:07]} Kb5 {[%clk 00:24:07]} {[%emt 00:01:07]} 59. h7 {[%clk 00:19:10]}
{[%emt 00:01:25]} Kxb6 {[%emt 00:00:49]} 60. h8=Q {[%emt 00:00:11]} Kc5 {[%clk
00:22:38]} {[%emt 00:00:59]} 61. Qd8 {[%clk 00:19:29]} {[%emt 00:00:12]} Be6
{[%clk 00:21:39]} {[%emt 00:01:27]} 62. g7 {[%clk 00:19:30]} {[%emt 00:00:32]}
Kb4 {[%clk 00:20:43]} {[%emt 00:01:21]} 63. Qd6+ {[%clk 00:19:47]} {[%emt
00:00:16]} Kc3 {[%clk 00:21:01]} {[%emt 00:00:13]} 64. Qxe6 {[%clk 00:20:07]}
{[%emt 00:00:10]} Kd2 {[%clk 00:20:19]} {[%emt 00:01:11]} 65. Qd5+ {[%emt
00:00:49]} Kc2 {[%clk 00:19:55]} {[%emt 00:00:24]} 66. g8=Q {[%emt 00:00:08]}
e3 {[%emt 00:00:20]} 67. Ke2 {[%clk 00:20:06]} {[%emt 00:00:15]} 1-0

[Event "ODJM C 2023"]
[Site "Willingen GER"]
[Date "2023.05.31"]
[Round "6"]
[White "Finck, Julius"]
[Black "Moissl, Felix"]
[Result "0-1"]
[Termination "normal"]
[Board "30"]
[WhiteElo "1071"]
[BlackElo "1390"]
[WhiteClock "00:15:04"]
[BlackClock "01:15:16"]
[PlyCount "120"]
[WhiteFideId "34660429"]
[BlackFideId "34623574"]
[EventCountry "GER"]
[EventRounds "9"]
[EventType "swiss"]
[EventDate "2023.05.27"]

1. d4 {[%clk 01:30:53]} {[%emt 00:00:03]} d5 {[%clk 01:31:00]} 2. Bf4 {[%clk
01:31:14]} {[%emt 00:00:14]} c5 {[%clk 01:31:20]} {[%emt 00:00:10]} 3. c3
{[%clk 01:29:30]} {[%emt 00:02:13]} cxd4 {[%clk 01:31:25]} {[%emt 00:00:25]} 4.
cxd4 {[%clk 01:29:50]} {[%emt 00:00:11]} Qb6 {[%clk 01:30:35]} {[%emt
00:01:20]} 5. Qc2 {[%clk 01:27:42]} {[%emt 00:02:37]} Nc6 {[%clk 01:27:58]}
{[%emt 00:03:07]} 6. e3 {[%clk 01:27:05]} {[%emt 00:01:06]} Nf6 {[%clk
01:27:43]} {[%emt 00:00:47]} 7. Bd3 {[%clk 01:22:04]} {[%emt 00:05:28]} Nb4
{[%clk 01:26:43]} {[%emt 00:01:33]} 8. Qb3 {[%clk 01:04:48]} {[%emt 00:17:42]}
Nxd3+ {[%clk 01:26:35]} {[%emt 00:00:41]} 9. Qxd3 {[%clk 01:05:02]} {[%emt
00:00:15]} Qxb2 {[%clk 01:26:41]} {[%emt 00:00:25]} 10. Qc3 {[%clk 01:04:40]}
{[%emt 00:00:52]} Qxc3+ {[%clk 01:26:47]} {[%emt 00:00:24]} 11. Nxc3 {[%clk
01:04:55]} {[%emt 00:00:15]} Bd7 {[%clk 01:25:45]} {[%emt 00:01:33]} 12. Nf3
{[%clk 01:04:20]} {[%emt 00:01:05]} e5 {[%clk 01:23:51]} {[%emt 00:02:24]} 13.
dxe5 {[%clk 00:57:12]} {[%emt 00:07:38]} Bb4 {[%clk 01:23:29]} {[%emt
00:00:52]} 14. Rc1 {[%clk 00:56:49]} {[%emt 00:00:53]} Ne4 {[%clk 01:23:07]}
{[%emt 00:00:52]} 15. O-O {[%clk 00:43:42]} {[%emt 00:13:36]} Bxc3 {[%clk
01:22:52]} {[%emt 00:00:45]} 16. Rc2 {[%clk 00:40:15]} {[%emt 00:03:57]} O-O
{[%clk 01:21:58]} {[%emt 00:01:23]} 17. Rfc1 {[%clk 00:40:19]} {[%emt
00:00:26]} Ba5 {[%clk 01:21:09]} {[%emt 00:01:19]} 18. Nd4 {[%clk 00:34:21]}
{[%emt 00:06:28]} Rac8 {[%clk 01:14:46]} {[%emt 00:06:54]} 19. Rb1 {[%clk
00:30:39]} {[%emt 00:04:11]} Rxc2 {[%clk 01:13:39]} {[%emt 00:01:37]} 20. Nxc2
{[%clk 00:30:57]} {[%emt 00:00:12]} Rc8 {[%clk 01:13:10]} {[%emt 00:00:59]} 21.
Nd4 {[%clk 00:26:58]} {[%emt 00:04:27]} Bd2 {[%clk 01:10:37]} {[%emt 00:03:04]}
22. Ne2 {[%clk 00:18:19]} {[%emt 00:09:06]} Nc3 {[%clk 01:07:33]} {[%emt
00:03:37]} 23. Nxc3 {[%clk 00:14:57]} {[%emt 00:03:52]} Rxc3 {[%clk 01:07:51]}
{[%emt 00:00:12]} 24. h3 {[%clk 00:13:04]} {[%emt 00:02:21]} Rc1+ {[%clk
01:08:09]} {[%emt 00:00:15]} 25. Rxc1 {[%clk 00:13:20]} {[%emt 00:00:13]} Bxc1
{[%clk 01:08:36]} {[%emt 00:00:04]} 26. Kf1 {[%clk 00:12:06]} {[%emt 00:01:43]}
d4 {[%clk 01:07:55]} {[%emt 00:01:12]} 27. Ke2 {[%clk 00:11:40]} {[%emt
00:00:55]} dxe3 {[%clk 01:07:24]} {[%emt 00:01:01]} 28. Bxe3 {[%clk 00:11:24]}
{[%emt 00:00:42]} Bxe3 {[%clk 01:07:33]} {[%emt 00:00:25]} 29. Kxe3 {[%clk
00:11:37]} {[%emt 00:00:17]} Kf8 {[%clk 01:07:47]} {[%emt 00:00:17]} 30. f4
{[%clk 00:11:26]} {[%emt 00:00:40]} Ke7 {[%clk 01:08:01]} {[%emt 00:00:16]} 31.
g4 {[%clk 00:11:39]} {[%emt 00:00:14]} b5 {[%clk 01:07:34]} {[%emt 00:01:00]}
32. a3 {[%clk 00:11:43]} {[%emt 00:00:26]} a5 {[%clk 01:07:56]} {[%emt
00:00:08]} 33. Kd3 {[%clk 00:11:38]} {[%emt 00:00:35]} f6 {[%clk 01:08:05]}
{[%emt 00:00:22]} 34. exf6+ {[%clk 00:11:27]} {[%emt 00:00:40]} Kxf6 {[%clk
01:08:25]} {[%emt 00:00:10]} 35. Kd4 {[%clk 00:11:14]} {[%emt 00:00:43]} g5
{[%clk 01:08:25]} {[%emt 00:00:31]} 36. f5 {[%clk 00:10:49]} {[%emt 00:00:55]}
b4 {[%clk 01:08:07]} {[%emt 00:00:47]} 37. axb4 {[%clk 00:10:49]} {[%emt
00:00:30]} axb4 {[%clk 01:08:30]} {[%emt 00:00:07]} 38. Kc4 {[%clk 00:11:09]}
{[%emt 00:00:10]} Bxf5 {[%clk 01:08:48]} {[%emt 00:00:12]} 39. gxf5 {[%clk
00:11:26]} {[%emt 00:00:12]} Kxf5 {[%clk 01:09:09]} {[%emt 00:00:10]} 40. Kxb4
{[%clk 00:11:51]} {[%emt 00:00:05]} Kf4 {[%clk 01:09:29]} {[%emt 00:00:09]} 41.
Kc3 {[%clk 00:12:12]} {[%emt 00:00:10]} Kg3 {[%clk 01:09:35]} {[%emt 00:00:24]}
42. Kd2 {[%clk 00:12:40]} {[%emt 00:00:02]} Kxh3 {[%clk 01:09:59]} {[%emt
00:00:06]} 43. Ke1 {[%clk 00:13:04]} {[%emt 00:00:05]} Kg2 {[%clk 01:10:16]}
{[%emt 00:00:13]} 44. Ke2 {[%clk 00:13:29]} {[%emt 00:00:06]} h5 {[%clk
01:10:42]} {[%emt 00:00:04]} 45. Ke3 {[%clk 00:12:50]} {[%emt 00:01:09]} h4
{[%clk 01:11:04]} {[%emt 00:00:08]} 46. Ke4 {[%emt 00:00:26]} h3 {[%clk
01:11:28]} {[%emt 00:00:05]} 47. Kf5 {[%clk 00:13:20]} {[%emt 00:00:04]} h2
{[%clk 01:11:50]} {[%emt 00:00:08]} 48. Kxg5 {[%clk 00:13:35]} {[%emt
00:00:05]} h1=Q {[%clk 01:12:19]} 49. Kf4 {[%clk 00:13:47]} {[%emt 00:00:28]}
Qh3 {[%clk 01:12:35]} {[%emt 00:00:14]} 50. Ke4 {[%clk 00:13:47]} {[%emt
00:00:31]} Qg3 {[%clk 01:12:46]} {[%emt 00:00:18]} 51. Kd4 {[%clk 00:13:51]}
{[%emt 00:00:17]} Qf3 {[%clk 01:13:16]} 52. Ke5 {[%clk 00:14:02]} {[%emt
00:00:29]} Qg4 {[%clk 01:13:34]} {[%emt 00:00:12]} 53. Kf6 {[%clk 00:13:59]}
{[%emt 00:00:31]} Qh5 {[%clk 01:13:56]} {[%emt 00:00:10]} 54. Kg7 {[%clk
00:14:11]} {[%emt 00:00:18]} Kf3 {[%clk 01:13:05]} {[%emt 00:01:22]} 55. Kf6
{[%clk 00:14:26]} {[%emt 00:00:14]} Kf4 {[%clk 01:13:27]} {[%emt 00:00:08]} 56.
Ke6 {[%clk 00:14:48]} {[%emt 00:00:08]} Qe5+ {[%clk 01:13:49]} {[%emt
00:00:08]} 57. Kd7 {[%clk 00:14:56]} {[%emt 00:00:23]} Qf6 {[%clk 01:14:10]}
{[%emt 00:00:09]} 58. Kc7 {[%emt 00:00:30]} Ke5 {[%clk 01:14:27]} {[%emt
00:00:12]} 59. Kd7 {[%emt 00:00:19]} Qd6+ {[%clk 01:14:47]} {[%emt 00:00:09]}
60. Ke8 {[%clk 00:15:04]} {[%emt 00:00:24]} Qc7 {[%clk 01:15:16]} 0-1

[Event "ODJM C 2023"]
[Site "Willingen GER"]
[Date "2023.05.31"]
[Round "6"]
[White "Löffelholz, Simon"]
[Black "Knudsen, Finn Luca"]
[Result "0-1"]
[Termination "normal"]
[Board "31"]
[WhiteElo "1264"]
[BlackElo "967"]
[PlyCount "36"]
[WhiteFideId "34623620"]
[BlackFideId "34630023"]
[EventCountry "GER"]
[EventRounds "9"]
[EventType "swiss"]
[EventDate "2023.05.27"]

1. e4 e5 2. Nf3 Nc6 3. Bc4 Nf6 4. d3 h6 5. h4 Bc5 6. Nc3 Ng4 7. Ng5 Qf6 8. Qf3
hxg5 9. Bxg5 Qxf3 10. gxf3 f6 11. fxg4 fxg5 12. Nd5 Bb6 13. O-O-O gxh4 14. Rh3
d6 15. f3 Nd4 16. Rd2 c6 17. Ne3 Nb3+ 18. Bxb3 Bxe3 0-1

[Event "ODJM C 2023"]
[Site "Willingen GER"]
[Date "2023.05.31"]
[Round "6"]
[White "Schilay, Vinzenz"]
[Black "Hasselmann, Isabelle Sophia"]
[Result "0-1"]
[Termination "normal"]
[Board "32"]
[WhiteElo "1052"]
[BlackElo "1110"]
[PlyCount "42"]
[WhiteFideId "12983209"]
[BlackFideId "16266951"]
[EventCountry "GER"]
[EventRounds "9"]
[EventType "swiss"]
[EventDate "2023.05.27"]

1. e4 e6 2. d4 d5 3. exd5 exd5 4. Bd3 Nc6 5. Qf3 Nxd4 6. Qe3+ Ne6 7. Ne2 Bc5 8.
Qf3 Nf6 9. b3 O-O 10. O-O b6 11. Bb2 Ng5 12. Qg3 Nh5 13. Qe5 Bd6 14. Qc3 Re8
15. Nd2 Be5 16. Nd4 Nh3+ 17. Kh1 Qh4 18. N2f3 Nxf2+ 19. Kg1 Ng4 20. Nxh4 Bxh2+
21. Kh1 Ng3# 0-1

[Event "ODJM C 2023"]
[Site "Willingen GER"]
[Date "2023.05.31"]
[Round "6"]
[White "Rafikov, Artur"]
[Black "Knudsen, Max Leon"]
[Result "1-0"]
[Termination "normal"]
[Board "33"]
[WhiteElo "1025"]
[BlackElo "931"]
[PlyCount "51"]
[WhiteFideId "34642676"]
[BlackFideId "34629467"]
[EventCountry "GER"]
[EventRounds "9"]
[EventType "swiss"]
[EventDate "2023.05.27"]

1. e4 g6 2. d4 Bg7 3. Nc3 d6 4. Nf3 a6 5. Bd3 b5 6. O-O Bg4 7. h3 Bxf3 8. Qxf3
Bxd4 9. e5 Nd7 10. exd6 Ne5 11. Qe4 Nf6 12. Qe2 Qxd6 13. Bh6 Bb6 14. Rad1 O-O-O
15. Bf5+ Kb8 16. Rxd6 exd6 17. Bg5 Rde8 18. Bxf6 Nd7 19. Qd3 Nxf6 20. Be4 c5
21. Qf3 b4 22. Qxf6 bxc3 23. Qxd6+ Bc7 24. Qc6 Kc8 25. Rd1 cxb2 26. Qb7# 1-0

[Event "ODJM C 2023"]
[Site "Willingen GER"]
[Date "2023.05.31"]
[Round "6"]
[White "Anh, David"]
[Black "Fize, Aleksandrs"]
[Result "0-1"]
[Termination "normal"]
[Board "34"]
[WhiteElo "1041"]
[BlackElo "1154"]
[PlyCount "92"]
[WhiteFideId "34639500"]
[BlackFideId "34623779"]
[EventCountry "GER"]
[EventRounds "9"]
[EventType "swiss"]
[EventDate "2023.05.27"]

1. e4 c5 2. c4 e6 3. Ne2 Nc6 4. Ng3 a6 5. Nc3 b6 6. Nge2 Bb7 7. d3 Nf6 8. g3 d5
9. Bg2 d4 10. e5 Nd7 11. Ne4 Ndxe5 12. O-O Be7 13. a3 a5 14. Bf4 Qc7 15. b3 O-O
16. Qc2 f5 17. Nd2 g5 18. Bxe5 Nxe5 19. f4 Bxg2 20. Kxg2 Qc6+ 21. Kg1 Ng4 22.
Rf3 Ne3 23. Qc1 g4 24. Rf2 h5 25. Nf1 Nxf1 26. Qxf1 h4 27. Qe1 Kf7 28. Kf1 Rh8
29. Ng1 hxg3 30. hxg3 Rh1 31. Raa2 Rah8 32. Ke2 R8h2 33. Kd1 Rxg1 34. Qxg1 Rh1
35. Qxh1 Qxh1+ 36. Ke2 Qc6 37. Ra1 b5 38. cxb5 Qxb5 39. Rb1 a4 40. Rh2 axb3 41.
Rh7+ Ke8 42. Rh8+ Kd7 43. Ra8 b2 44. Ra7+ Kd6 45. a4 Qb3 46. Kd2 Qc3+ 0-1

[Event "ODJM C 2023"]
[Site "Willingen GER"]
[Date "2023.05.31"]
[Round "6"]
[White "Engelhaupt, Henry"]
[Black "Hempel, Christian"]
[Result "1-0"]
[Termination "normal"]
[Board "35"]
[WhiteElo "1196"]
[BlackElo "774"]
[PlyCount "130"]
[WhiteFideId "34644814"]
[BlackFideId "34660470"]
[EventCountry "GER"]
[EventRounds "9"]
[EventType "swiss"]
[EventDate "2023.05.27"]

1. e4 e5 2. Nf3 Nc6 3. Bc4 Bc5 4. c3 Nf6 5. d3 h6 6. O-O O-O 7. Nbd2 d6 8. h3
Qe7 9. Re1 Be6 10. Bxe6 Qxe6 11. Nf1 Rad8 12. Be3 Bb6 13. Bxb6 axb6 14. Ng3 d5
15. exd5 Qxd5 16. Ne4 Nxe4 17. dxe4 Qxd1 18. Raxd1 Ra8 19. a3 Rfd8 20. Rxd8+
Rxd8 21. Nh4 g6 22. Kh2 Rd2 23. f3 Rxb2 24. Rd1 Rb3 25. Rd7 Rxa3 26. Rxc7 Rxc3
27. Rxb7 Rb3 28. Kg3 b5 29. Kg4 b4 30. g3 Rb1 31. Ng2 b3 32. Ne3 Na5 33. Rb6
Rc1 34. Rb5 Rc3 35. Rxa5 Rxe3 36. Rb5 Kg7 37. Rb4 Kf6 38. f4 h5+ 39. Kh4 exf4
40. gxf4 Rf3 41. Rb6+ Kg7 42. f5 Rf4+ 43. Kg5 Rf3 44. f6+ Kh7 45. Rb7 Rg3+ 46.
Kh4 Rf3 47. Kg5 Rg3+ 48. Kf4 Rxh3 49. Rxf7+ Kh6 50. Rb7 g5+ 51. Kf5 Rf3+ 52.
Ke6 b2 53. Rxb2 Kg6 54. e5 h4 55. Rb7 h3 56. Rg7+ Kh6 57. Rg8 g4 58. Rxg4 Kh5
59. Rg8 Kh4 60. f7 h2 61. f8=Q Rxf8 62. Rxf8 Kg3 63. Rh8 Kg2 64. Rxh2+ Kxh2 65.
Kf6 Kg3 1-0

[Event "ODJM C 2023"]
[Site "Willingen GER"]
[Date "2023.05.31"]
[Round "6"]
[White "Haas, Valentina"]
[Black "Dauerer, Leonhard"]
[Result "0-1"]
[Termination "normal"]
[Board "36"]
[WhiteElo "797"]
[BlackElo "1184"]
[PlyCount "42"]
[WhiteFideId "34660461"]
[BlackFideId "34640223"]
[EventCountry "GER"]
[EventRounds "9"]
[EventType "swiss"]
[EventDate "2023.05.27"]

1. e4 e5 2. Nf3 Nc6 3. Nc3 Nf6 4. Bb5 Bc5 5. Bc4 d6 6. d3 h6 7. h3 O-O 8. O-O
Be6 9. Bb3 Ne7 10. Re1 Qd7 11. Bd2 Ng6 12. Ba4 c6 13. Be3 Bb6 14. Bb3 Nh5 15.
Na4 Bc7 16. c4 Nhf4 17. c5 Bxh3 18. g3 Bg2 19. Nh4 Nxh4 20. Bxf4 Qh3 21. gxh4
Qh1# 0-1

[Event "ODJM C 2023"]
[Site "Willingen GER"]
[Date "2023.05.31"]
[Round "6"]
[White "Reh, Krispin"]
[Black "Steinkamp, Matthis"]
[Result "0-1"]
[Termination "normal"]
[Board "37"]
[WhiteElo "1083"]
[BlackElo "1153"]
[PlyCount "54"]
[WhiteFideId "16299205"]
[BlackFideId "16287622"]
[EventCountry "GER"]
[EventRounds "9"]
[EventType "swiss"]
[EventDate "2023.05.27"]

1. e4 c5 2. Nf3 e6 3. Nc3 Nc6 4. Bb5 Qc7 5. O-O a6 6. Bc4 b5 7. Be2 Bb7 8. d4
cxd4 9. Nxd4 Nf6 10. Nxc6 Bxc6 11. Bf3 Be7 12. a3 O-O 13. Re1 d6 14. Bg5 Rad8
15. Re2 d5 16. e5 Ne4 17. Bxe7 Qxe7 18. Qe1 Ng5 19. Bg4 g6 20. Rd2 h5 21. Be2
d4 22. Nb1 f6 23. exf6 Qxf6 24. Bd3 Nh3+ 25. gxh3 Qg5+ 26. Kf1 Qg2+ 27. Ke2
Bf3# 0-1